[Event "Saint Affrique op 22nd"]
[Site "Saint Affrique"]
[Date "2014.07.25"]
[Round "8"]
[White "Durand, Joris"]
[Black "Libiszewski, Christian"]
[Result "0-1"]
[WhiteElo "1330"]
[BlackElo "1640"]
[PlyCount "102"]
[EventDate "2014.07.19"]
[EventType "swiss"]
[EventRounds "9"]
[EventCountry "FRA"]
[SourceTitle "CBM 161 Extra"]
[Source "ChessBase"]
[SourceDate "2014.08.29"]
[SourceVersion "1"]
[SourceVersionDate "2014.08.29"]
[SourceQuality "1"]

1. e4 e6 2. d4 d5 3. e5 c5 4. Nf3 Nc6 5. Be3 Qb6 6. b3 cxd4 7. Nxd4 Bc5 8. c3 Nxe5 9. b4 Be7 10. Nf5 Qc7 11. Bd4 exf5 12. f4 Bd6 13. fxe5 Bxe5 14. Bb5+ Bd7 15. Bxd7+ Kxd7 16. g3 Nf6 17. 0-0 g6 18. c4 Bxd4+ 19. Qxd4 Qd6 20. Rf4 Rhe8 21. Nc3 Ne4 22. Nxd5 b6 23. Rxe4 Rxe4 24. Nf6+ Kc7 25. Qxd6+ Kxd6 26. Nxe4+ fxe4 27. Rd1+ Ke6 28. Rd4 f5 29. g4 Rc8 30. gxf5+ gxf5 31. a4 Rc6 32. a5 Rd6 33. Rxd6+ Kxd6 34. Kf2 bxa5 35. c5+ Kc6 36. bxa5 Kxc5 37. Ke3 Kb5 38. Kf4 Kxa5 39. h4 Kb4 40. h5 h6 41. Kxf5 e3 42. Kg6 e2 43. Kxh6 e1Q 44. Kg6 a5 45. h6 a4 46. h7 Qh4 47. Kg7 Qg5+ 48. Kh8 Qh6 49. Kg8 a3 50. h8Q Qxh8+ 51. Kxh8 a2 0-1

[Event "Saint Affrique op 22nd"]
[Site "Saint Affrique"]
[Date "2014.07.24"]
[Round "7"]
[White "Libiszewski, Christian"]
[Black "Meyer, Bernard"]
[Result "0-1"]
[WhiteElo "1640"]
[BlackElo "1397"]
[PlyCount "116"]
[EventDate "2014.07.19"]
[EventType "swiss"]
[EventRounds "9"]
[EventCountry "FRA"]
[SourceTitle "CBM 161 Extra"]
[Source "ChessBase"]
[SourceDate "2014.08.29"]
[SourceVersion "1"]
[SourceVersionDate "2014.08.29"]
[SourceQuality "1"]

1. e4 e6 2. d3 d6 3. Be3 Nf6 4. Nd2 Be7 5. f4 Nc6 6. c3 b6 7. Be2 Bb7 8. Qc2 Qd7 9. Ngf3 h6 10. 0-0-0 0-0-0 11. d4 Qe8 12. h3 Kb8 13. g4 Nh7 14. Rhg1 g5 15. f5 Nf6 16. Kb1 Bf8 17. e5 dxe5 18. dxe5 Nd5 19. Nf1 Nxe3 20. Nxe3 Bc5 21. Rxd8+ Nxd8 22. Qd2 Be4+ 23. Kc1 exf5 24. gxf5 Bxe3 25. Qxe3 Bxf5 26. Nd4 Bc8 27. Rf1 Bb7 28. Bh5 Bd5 29. b3 Rf8 30. Nf5 Nc6 31. Nxh6 Nxe5 32. Qxg5 Nd3+ 33. Kd2 Ne5 34. Re1 f6 35. Bxe8 Nf3+ 36. Kd3 Nxg5 37. h4 Nf3 38. Rf1 Nxh4 39. Ba4 c5 40. c4 Bb7 41. a3 f5 42. Rf4 Be4+ 43. Kc3 Ng2 44. Rf2 Ne3 45. Kd2 Nc2 46. Bd7 Rd8 47. Kc3 Rxd7 48. Rxc2 Bxc2 49. Kxc2 f4 50. Ng4 f3 51. Ne3 f2 52. Nf1 Kc8 53. Ne3 Rd4 54. Nf1 Kd8 55. Ne3 Ke8 56. Nf1 Kf7 57. Ne3 Kf6 58. Nf1 Kf5 0-1

[Event "Loire-ch Top20 1314"]
[Site "Loire"]
[Date "2014.03.29"]
[Round "7"]
[White "Libiszewski, Christian"]
[Black "Cursoux, Gerard"]
[Result "0-1"]
[WhiteElo "1560"]
[BlackElo "1880"]
[PlyCount "74"]
[EventDate "2014.09.21"]
[EventType "swiss"]
[EventRounds "9"]
[EventCountry "FRA"]
[SourceTitle "EXT 2015"]
[Source "ChessBase"]
[SourceDate "2014.11.20"]
[SourceVersion "1"]
[SourceVersionDate "2014.11.20"]
[SourceQuality "1"]

1. e4 c5 2. Nf3 a6 3. c3 d5 4. exd5 Qxd5 5. d4 Nf6 6. Be2 cxd4 7. Qxd4 Nc6 8. Qxd5 Nxd5 9. 0-0 e6 10. Re1 Be7 11. Nbd2 0-0 12. Nf1 Bd7 13. Bc4 Bf6 14. Bxd5 exd5 15. Bg5 Bxg5 16. Nxg5 Rfe8 17. Nf3 Bg4 18. N1d2 Re6 19. Rxe6 Bxe6 20. Nb3 Kf8 21. Nbd4 Nxd4 22. Nxd4 Ke7 23. Kf1 Kd6 24. Ke2 Bd7 25. Kd2 b5 26. Re1 a5 27. Nf3 f6 28. Kd3 b4 29. Kd4 Rb8 30. Nd2 bxc3 31. Kxc3 Rc8+ 32. Kb3 a4+ 33. Ka3 Rc2 34. Nb1 Rxf2 35. Nc3 Rxg2 36. Nxa4 Bxa4 37. Kxa4 Rxb2 0-1

[Event "Loire-ch Top20 1213"]
[Site "Loire"]
[Date "2013.04.13"]
[Round "8"]
[White "Bruel, Bruno"]
[Black "Libiszewski, Christian"]
[Result "0-1"]
[WhiteElo "1790"]
[BlackElo "1680"]
[PlyCount "58"]
[EventDate "2012.10.06"]
[EventType "swiss"]
[EventRounds "8"]
[EventCountry "FRA"]
[SourceTitle "EXT 2014"]
[Source "ChessBase"]
[SourceDate "2013.11.20"]
[SourceVersion "1"]
[SourceVersionDate "2013.11.20"]
[SourceQuality "1"]

1. d4 d5 2. c4 c6 3. Nf3 Nf6 4. Nc3 dxc4 5. a4 Bf5 6. e3 e6 7. Bxc4 Bb4 8. 0-0 0-0 9. Qe2 Nbd7 10. Rd1 Ne4 11. Nxe4 Bxe4 12. Nd2 Bd5 13. Bd3 e5 14. dxe5 Nxe5 15. Bxh7+ Kxh7 16. Qh5+ Kg8 17. Qxe5 Bd6 18. Qh5 Re8 19. Qe2 Re6 20. b3 Bxh2+ 21. Kf1 Rh6 22. Ke1 Qf6 23. Rb1 Bxg2 24. Bb2 Be5 25. Nf1 Rh1 26. Bxe5 Qxe5 27. Kd2 Rd8+ 28. Kc2 Be4+ 29. Kc1 Qc3+ 0-1

[Event "Loire-ch Top20 1213"]
[Site "Loire"]
[Date "2012.10.20"]
[Round "2"]
[White "Libiszewski, Christian"]
[Black "Longueville, Thomas"]
[Result "0-1"]
[WhiteElo "1750"]
[BlackElo "1782"]
[PlyCount "98"]
[EventDate "2012.10.06"]
[EventType "swiss"]
[EventRounds "8"]
[EventCountry "FRA"]
[SourceTitle "EXT 2014"]
[Source "ChessBase"]
[SourceDate "2013.11.20"]
[SourceVersion "1"]
[SourceVersionDate "2013.11.20"]
[SourceQuality "1"]

1. e4 g6 2. d4 d6 3. Nf3 Bg7 4. h3 Nc6 5. c3 e5 6. Be3 Nf6 7. Bd3 0-0 8. 0-0 Qe8 9. Qd2 exd4 10. cxd4 Nxe4 11. Qc1 Nb4 12. Bxe4 Qxe4 13. Nc3 Qe7 14. a3 Na6 15. Re1 Qd8 16. Bh6 c6 17. Bxg7 Kxg7 18. h4 Bg4 19. Qf4 Bxf3 20. gxf3 d5 21. Qg3 Qf6 22. Rad1 Rae8 23. Rxe8 Rxe8 24. Kf1 Re7 25. h5 Nc7 26. hxg6 fxg6 27. Ne2 Ne6 28. Rd3 Rf7 29. b4 h5 30. Qb8 Qf5 31. Qe5+ Qxe5 32. dxe5 Rf5 33. Re3 Kf7 34. Kg2 d4 35. Rd3 Nf4+ 36. Nxf4 Rxf4 37. Kg3 g5 38. a4 Ke6 39. Rd1 Kxe5 40. Re1+ Kd5 41. Re7 Kc4 42. Rxb7 d3 43. b5 cxb5 44. Rxb5 h4+ 45. Kg2 d2 46. Rb1 Rd4 47. Rd1 Kc3 48. Kf1 Kc2 49. Ke2 h3 0-1